|
|
|
|
| LEADER |
00000nam2a2200000 4500 |
| 001 |
223777 |
| 005 |
20231031200304.0 |
| 035 |
|
|
|a (RuTPU)RU\TPU\book\244046
|
| 035 |
|
|
|a RU\TPU\book\244035
|
| 090 |
|
|
|a 223777
|
| 100 |
|
|
|a 20121016d1918 k y0rusy50 ca
|
| 101 |
0 |
|
|a rus
|
| 102 |
|
|
|a RU
|
| 105 |
|
|
|a y z 000zy
|
| 200 |
0 |
|
|a Т. 2 : Сернистые и селенистые соединения, Вып. 1
|
| 210 |
|
|
|d 1918
|
| 215 |
|
|
|a 144 с.
|
| 317 |
|
|
|5 63413507: 179391
|a Поступила в НТБ в 1940 г. в составе книжного собрания профессора ТТИ М. А. Усова.
|
| 461 |
|
1 |
|0 (RuTPU)RU\TPU\book\169983
|t Опыт описательной минералогии
|o [в 2-х тт.]
|f В. И. Вернадский
|v Т. 2 : Сернистые и селенистые соединения, Вып. 1
|d 1908-1922
|
| 610 |
1 |
|
|a минералогия
|
| 610 |
1 |
|
|a сернистые соединения
|
| 610 |
1 |
|
|a селенистые соединения
|
| 610 |
1 |
|
|a библиотека М. А. Усова
|
| 675 |
|
|
|a 549
|v 3
|
| 801 |
|
1 |
|a RU
|b 63413507
|c 20120410
|
| 801 |
|
2 |
|a RU
|b 63413507
|c 20171225
|g RCR
|
| 942 |
|
|
|c BK
|